Statistiques concernant Pokémon 3G : du Français vers l'Anglais

Cliquez ici pour prendre le quiz!

Statistiques générales

  • Ce quiz a été pris 69 fois
  • Le résultat moyen est 90 sur 135

Statistiques - réponses

FrançaisAnglais% Correct
6BraségaliBlaziken
88%
135DeoxysDeoxys
88%
132GroudonGroudon
88%
134JirachiJirachi
88%
131KyogreKyogre
88%
129LatiasLatias
88%
130LatiosLatios
88%
133RayquazaRayquaza
88%
127RegiceRegice
88%
126RegirockRegirock
88%
128RegisteelRegisteel
88%
108AbsolAbsol
86%
50DelcattyDelcatty
86%
46HariyamaHariyama
86%
45MakuhitaMakuhita
86%
49SkittySkitty
86%
1ArckoTreecko
86%
69WailmerWailmer
86%
70WailordWailord
86%
83AltariaAltaria
83%
3JungkoSceptile
83%
68SharpedoSharpedo
83%
4PoussifeuTorchic
83%
55GalekingAggron
81%
80CacneaCacnea
81%
30KirliaKirlia
81%
20LombreLombre
81%
21LudicoloLudicolo
81%
76SpindaSpinda
81%
106TropiusTropius
81%
97ArmaldoArmaldo
79%
47AzurillAzurill
79%
81CacturneCacturne
79%
72CaméruptCamerupt
79%
67CarvanhaCarvanha
79%
79LibégonFlygon
79%
64RoséliaRoselia
79%
12ZigzatonZigzagoon
79%
96AnorithAnorith
76%
31GardevoirGardevoir
76%
2MasskoGrovyle
76%
101KecleonKecleon
76%
125MétalosseMetagross
76%
124MétangMetang
76%
118RelicanthRelicanth
76%
122DrattakSalamence
76%
103BranetteBanette
74%
5GalifeuCombusken
74%
111OniglaliGlalie
74%
99MilobellusMilotic
74%
40NinjaskNinjask
74%
60PosipiPlusle
74%
85SéviperSeviper
74%
9LaggronSwampert
74%
7GobouMudkip
71%
48TarinorNosepass
71%
28BekipanPelipper
71%
10MedhyènaPoochyena
71%
51TénéfixSableye
71%
74SpoinkSpoink
71%
77KraknoixTrapinch
71%
37VigorothVigoroth
71%
13LinéonLinoone
69%
119LovdiscLuvdisc
69%
29TarsalRalts
69%
41MunjaShedinja
69%
53GalekidAron
67%
35ChapignonBreloom
67%
26HélédelleSwellow
67%
84MangriffZangoose
67%
100MorphéoCastform
64%
86SélérocLunatone
64%
52MysdibuleMawile
64%
57CharminaMedicham
64%
11GrahyènaMightyena
64%
61NégapiMinun
64%
22GrainipiotSeedot
64%
38MonaflèmitSlaking
64%
87SolarocSolrock
64%
73ChartorTorkoal
64%
109OkéokéWynaut
64%
16CharmillonBeautifly
62%
105TéraclopeDusclops
62%
8FlobioMarshtomp
62%
56MéditikkaMeditite
62%
23PifeuilNuzleaf
62%
14ChenipotteWurmple
62%
120DrabyBagon
60%
91ColhomardCrawdaunt
60%
18PapinoxDustox
60%
58DynavoltElectrike
60%
44BrouhabamExploud
60%
19NénupiotLotad
60%
43RamboumLoudred
60%
82TyltonSwablu
60%
27GoéliseWingull
60%
123TerhalBeldum
57%
93KaorineClaydol
57%
104SkelénoxDuskull
57%
98BarpauFeebas
57%
117RosabyssGorebyss
57%
33MaskadraMasquerain
57%
15ArmulysSilcoon
57%
78VibraninfVibrava
57%
88BarlocheBarboach
55%
107EokoChimecho
55%
115CoquiperlClamperl
55%
39NingaleNincada
55%
71ChamallotNumel
55%
121DrackhausShelgon
55%
34BalignonShroomish
55%
32ArakdoSurskit
55%
66AvaltoutSwalot
55%
62MucioleVolbeat
55%
92BalbutoBaltoy
52%
17BlindalysCascoon
52%
54GalegonLairon
52%
59ElecsprintManectric
52%
36ParecoolSlakoth
52%
63LumivoleIllumise
50%
89BarbichaWhiscash
50%
95VacilysCradily
45%
75GroretGrumpig
45%
90EcrapinceCorphish
43%
113PhogleurSealeo
43%
24TengaliceShiftry
43%
25NirondelleTaillow
43%
94LiliaLileep
40%
114KaimorseWalrein
40%
102PolichombrShuppet
38%
110StalgaminSnorunt
38%
42ChuchmurWhismur
38%
116SerpangHuntail
36%
112ObalieSpheal
33%
65GlouptiGulpin
29%

Distribution des résultats

Percentile par nombre de réponses

% des personnes avec chaque résultat

Votre développement - résultats

Vous n’avez pas pris ce quiz